uthority and submission : (Record no. 683)
[ view plain ]
| 000 -LEADER | |
|---|---|
| fixed length control field | 01359cam a2200373Ma 4500 |
| 001 - CONTROL NUMBER | |
| control field | 637108 |
| 003 - CONTROL NUMBER IDENTIFIER | |
| control field | OSt |
| 005 - DATE AND TIME OF LATEST TRANSACTION | |
| control field | 20180822124500.0 |
| 008 - FIXED-LENGTH DATA ELEMENTS--GENERAL INFORMATION | |
| fixed length control field | 990205s1994 cau 000 0 eng d |
| 020 ## - INTERNATIONAL STANDARD BOOK NUMBER | |
| International Standard Book Number | 0736301852 |
| 035 ## - SYSTEM CONTROL NUMBER | |
| System control number | (OCoLC)ocm41861445 |
| 035 ## - SYSTEM CONTROL NUMBER | |
| System control number | (OCoLC)ocm41861445 |
| 040 ## - CATALOGING SOURCE | |
| Original cataloging agency | IdBB |
| Transcribing agency | OIP |
| Modifying agency | PTS |
| 049 ## - LOCAL HOLDINGS (OCLC) | |
| Holding library | PTSS |
| 050 #4 - LIBRARY OF CONGRESS CALL NUMBER | |
| Classification number | BV4501.2 |
| Item number | .N44 1992 v.47 |
| 082 ## - DEWEY DECIMAL CLASSIFICATION NUMBER | |
| Classification number | 241.2 |
| Item number | N372A |
| 100 1# - MAIN ENTRY--PERSONAL NAME | |
| Personal name | Nee, Watchman. |
| 245 14 - TITLE STATEMENT | |
| Title | uthority and submission : |
| Statement of responsibility, etc. | Watchman Nee. |
| Remainder of title | Living According To The Divine Life In The Body Of Christ |
| 246 3# - VARYING FORM OF TITLE | |
| Title proper/short title | Orthodoxy of the church and Authority and submission |
| 246 30 - VARYING FORM OF TITLE | |
| Title proper/short title | Authority and submission |
| 250 ## - EDITION STATEMENT | |
| Edition statement | 1st ed. |
| 260 ## - PUBLICATION, DISTRIBUTION, ETC. | |
| Place of publication, distribution, etc. | Anaheim, Calif. : |
| Name of publisher, distributor, etc. | Living Stream Ministry, |
| Date of publication, distribution, etc. | 1994. |
| 300 ## - PHYSICAL DESCRIPTION | |
| Extent | 202 p. ; |
| Dimensions | 23 cm. |
| 490 1# - SERIES STATEMENT | |
| Series statement | The collected works of Watchman Nee ; |
| Volume/sequential designation | v. 47 |
| 500 ## - GENERAL NOTE | |
| General note | "Set three, volume 47". |
| 500 ## - GENERAL NOTE | |
| General note | Volume comprises two books, The orthodoxy of the church, and Authority and submission, written by Watchman Nee between 1942 and 1949. |
| 500 ## - GENERAL NOTE | |
| General note | Nee Shu-tsu (called Watchman Nee after his conversion to Christianity). |
| 546 ## - LANGUAGE NOTE | |
| Language note | Translated from Chinese. |
| 630 00 - SUBJECT ADDED ENTRY--UNIFORM TITLE | |
| Uniform title | Bible |
| General subdivision | Study and teaching. |
| 650 #0 - SUBJECT ADDED ENTRY--TOPICAL TERM | |
| Topical term or geographic name entry element | Christian life. |
| 650 #0 - SUBJECT ADDED ENTRY--TOPICAL TERM | |
| Topical term or geographic name entry element | Spiritual life |
| General subdivision | Christianity. |
| 800 1# - SERIES ADDED ENTRY--PERSONAL NAME | |
| Personal name | Nee, Watchman. |
| Title of a work | Works. |
| Language of a work | English. |
| Date of a work | 1992 ; |
| Volume/sequential designation | v. 47. |
| 942 ## - ADDED ENTRY ELEMENTS (KOHA) | |
| Source of classification or shelving scheme | Dewey Decimal Classification |
| Koha item type | Books |
| Withdrawn status | Lost status | Source of classification or shelving scheme | Damaged status | Not for loan | Collection code | Home library | Current library | Shelving location | Date acquired | Total Checkouts | Full call number | Barcode | Date last seen | Price effective from | Koha item type |
|---|---|---|---|---|---|---|---|---|---|---|---|---|---|---|---|
| Dewey Decimal Classification | Non-fiction | Harvest Mission College | Harvest Mission College | General Stacks | 22.08.2018 | 241.2 N372A | 000544 | 22.08.2018 | 22.08.2018 | Books |
